| 000 | 00618cam a2200217 4500 | ||
|---|---|---|---|
| 008 | 000000n2000 000 0 eng u | ||
| 020 | _a8790907043 | ||
| 035 | _a(Sirsi) u106732 | ||
| 050 | _a526.9 | ||
| 110 | _aFederation International Des Geometres | ||
| 245 | _aFIG work plan 2000-2003 | ||
| 260 |
_aDenmark _bFIG _c2000 |
||
| 300 | _a49p. ; 21cm. | ||
| 490 |
_aFIG Publication _vNo.20 March 2000 |
||
| 520 | _aIn co-operation with the United Nations | ||
| 650 | _aFIG | ||
| 650 | _aINTERNATIONAL | ||
| 650 | _aINTERNATIONAL FEDERATION OF SURVEYORS | ||
| 690 | _aMAPPING AND MEASUREMENT | ||
| 942 | _n0 | ||
| 999 |
_c100620 _d100620 |
||